| 000 | 004100000a22001690004500 | ||
|---|---|---|---|
| 003 | MACL | ||
| 005 | 20160121115737.0 | ||
| 008 | 160121b xxu||||| |||| 00| 0 eng d | ||
| 040 |
_aMACL _cmacl |
||
| 041 | _aEnglish | ||
| 082 | _a372/ | ||
| 100 |
_aPecsenye, Magda _933836 |
||
| 245 | _aCracking The GRE | ||
| 260 |
_bRandom House Inc. _c2003 _aNew York |
||
| 650 |
_aEducation _933837 |
||
| 942 |
_cBK _k372 _2ddc |
||
| 999 |
_c32727 _d32727 |
||